History of westrn philosophy/ (Record no. 162134)

MARC details
000 -LEADER
fixed length control field 00551nam a2200181 4500
005 - DATE AND TIME OF LATEST TRANSACTION
control field 20190306115003.0
010 ## - LCCN (DPL NO)
LC control number ENG-124840
020 ## - INTERNATIONAL STANDARD BOOK NUMBER
International Standard Book Number 9781138694750
Terms of availability 995.00
035 ## - SYSTEM CONTROL NUMBER
System control number EN-108372
037 ## - SOURCE OF ACQUISITION
Source of stock number/acquisition DBAD/PUB
082 ## - DEWEY DECIMAL CLASSIFICATION NUMBER
Classification number 190
100 ## - MAIN ENTRY--PERSONAL NAME
Personal name Russell,Bertrand
245 ## - TITLE STATEMENT
Title History of westrn philosophy/
Statement of responsibility, etc by Bertrand Russell
260 ## - PUBLICATION, DISTRIBUTION, ETC. (IMPRINT)
Place of publication, distribution, etc New York
Name of publisher, distributor, etc Routledge
Date of publication, distribution, etc 2017
270 ## - ADDRESS
Address 2parkSquare,milton park,Abingdon,Oxon Ox44RN711 Third Avenue, Ny,
City New York
Postal code 10017
300 ## - PHYSICAL DESCRIPTION
Extent 778p.
Dimensions 20cm(pbk)
942 ## - ADDED ENTRY ELEMENTS (KOHA)
Source of classification or shelving scheme Dewey Decimal Classification
Item type English Books
Classification part 190
Call number suffix RUS
Holdings
Withdrawn status Lost status Not for loan Collection code Home library Current library Date acquired Source of acquisition Cost, normal purchase price Full call number Barcode Copy number Cost, replacement price Koha item type
      Non-fiction Bawana Bawana 06/03/2019 DBAD/PUB 995.00 190 RUS EN-108372 1 995.00 English Books

© Delhi Public Library
Hit Counter
free hit counter